000 00242nam a2200097Ia 4500
001 796696
005 20250826170753.0
008 250824s9999 xx 000 0 und d
245 0 _aYALNIZ EFE
_cÖMER SEYFETTİN
260 _bSEDİR YAYINLARI A.Ş.
999 _c796696
_d796696